[Event "GER-ch Net blitz qual2"]
[Site "Playchess.com INT"]
[Date "2021.05.04"]
[Round "9"]
[White "Kuehn, Viktoria"]
[Black "Wuersig, Mathias"]
[Result "1-0"]
[WhiteElo "1736"]
[BlackElo "1576"]
[PlyCount "115"]
[EventDate "2021.05.04"]
[EventType "swiss (blitz)"]
[EventRounds "11"]
[EventCountry "GER"]
[SourceTitle "CBM 202 Extra"]
[Source "ChessBase"]
[SourceDate "2021.07.31"]
[SourceVersion "1"]
[SourceVersionDate "2021.07.31"]
[SourceQuality "1"]

1. e4 d6 2. g3 Nf6 3. Bg2 g6 4. b3 Bg7 5. Bb2 0-0 6. Nc3 Nbd7 7. Nge2 c5 8. 0-0 a6 9. d3 Rb8 10. f4 b5 11. f5 Bb7 12. Nf4 e5 13. fxe6 Ne5 14. exf7+ Rxf7 15. Ne6 Qe7 16. Nxg7 Kxg7 17. Ne2 Rbf8 18. Nf4 g5 19. Nh5+ Nxh5 20. Qxh5 Rxf1+ 21. Rxf1 Rxf1+ 22. Bxf1 Bc6 23. Bg2 Be8 24. Qe2 h6 25. d4 cxd4 26. Bxd4 Kg6 27. Bxe5 Qxe5 28. Bf3 Bc6 29. Qd3 h5 30. Kf2 g4 31. Bg2 Kf6 32. c3 Kg5 33. Qd4 Qe6 34. Ke3 d5 35. Qg7+ Qg6 36. Qxg6+ Kxg6 37. exd5 Bd7 38. Kd4 Kf6 39. Kc5 Ke5 40. Kb6 Bc8 41. Kc7 Bf5 42. d6 a5 43. d7 Bxd7 44. Kxd7 b4 45. c4 Kd4 46. Kd6 a4 47. c5 Kc3 48. bxa4 Kb2 49. Bd5 Ka3 50. c6 h4 51. gxh4 g3 52. hxg3 Kb2 53. c7 Ka3 54. c8Q b3 55. axb3 Kb2 56. b4 Ka3 57. Qc3+ Kxa4 58. Bc6# 1-0

[Event "GER-ch Net blitz qual2"]
[Site "Playchess.com INT"]
[Date "2021.05.04"]
[Round "10"]
[White "Wuersig, Mathias"]
[Black "Toellner, Uwe"]
[Result "0-1"]
[WhiteElo "1576"]
[BlackElo "1970"]
[PlyCount "80"]
[EventDate "2021.05.04"]
[EventType "swiss (blitz)"]
[EventRounds "11"]
[EventCountry "GER"]
[SourceTitle "CBM 202 Extra"]
[Source "ChessBase"]
[SourceDate "2021.07.31"]
[SourceVersion "1"]
[SourceVersionDate "2021.07.31"]
[SourceQuality "1"]

1. b3 Nf6 2. Bb2 e6 3. Nf3 d5 4. d3 c5 5. Nbd2 Nc6 6. g3 d4 7. Bg2 Bd6 8. 0-0 0-0 9. c3 e5 10. cxd4 cxd4 11. a3 Bf5 12. b4 a6 13. Nc4 Bc7 14. Rc1 Qd7 15. Re1 Rac8 16. Rf1 Bh3 17. Kh1 Rfe8 18. Kg1 h6 19. Rc2 Bxg2 20. Kxg2 Qf5 21. e4 dxe3 22. Nxe3 Qe6 23. Re1 Rcd8 24. Rce2 e4 25. Nd4 Nxd4 26. Bxd4 Rxd4 27. Nc4 Rxd3 28. Qxd3 exd3 29. Rxe6 Rxe6 30. Rd1 Rc6 31. Ne3 Rc3 32. a4 Bd6 33. b5 axb5 34. axb5 Bc5 35. Nf5 Kf8 36. Nh4 g6 37. Nf3 Nd7 38. Ne1 Ne5 39. f4 Ng4 40. Kh3 Nf2+ 0-1

[Event "Dresden ZMD op-C 21th"]
[Site "Dresden"]
[Date "2012.08.26"]
[Round "9"]
[White "Voeller, Lothar"]
[Black "Wuersig, Mathias"]
[Result "0-1"]
[WhiteElo "1535"]
[BlackElo "1678"]
[PlyCount "130"]
[EventDate "2012.08.18"]
[EventType "swiss"]
[EventRounds "9"]
[EventCountry "GER"]
[SourceTitle "CBM 150 Extra"]
[Source "ChessBase"]
[SourceDate "2012.10.19"]
[SourceVersion "1"]
[SourceVersionDate "2012.10.19"]
[SourceQuality "1"]

1. e4 d6 2. Bc4 Nf6 3. Nc3 g6 4. Nf3 Bg7 5. e5 dxe5 6. Bxf7+ Kxf7 7. Nxe5+ Kf8 8. 0-0 Nbd7 9. Nf3 Nb6 10. h3 Be6 11. Re1 Bf7 12. d3 Nbd5 13. Ne2 c5 14. c3 Nc7 15. d4 cxd4 16. Nexd4 h6 17. Qe2 Nd7 18. Bf4 Nd5 19. Bg3 Kg8 20. Nh4 e5 21. Nc2 Qf6 22. c4 Nf4 23. Qf1 Kh7 24. Ne3 Be6 25. Rad1 Nh5 26. Qe2 Rad8 27. b3 Nb6 28. Nf1 Nxg3 29. fxg3 Rxd1 30. Rxd1 Rd8 31. Rxd8 Qxd8 32. Qe4 Qd4+ 33. Qxd4 exd4 34. g4 Nd7 35. Nf3 Nc5 36. N1d2 Bf6 37. Kf1 d3 38. Kf2 h5 39. g5 Bc3 40. Ke3 Kg7 41. a3 a5 42. Nb1 Bb2 43. b4 axb4 44. axb4 Na6 45. Kxd3 Nxb4+ 46. Kd2 Bxc4 47. Nc3 b5 48. g4 hxg4 49. hxg4 Nd5 50. Ne4 b4 51. Nc5 Bc3+ 52. Kc2 Ne3+ 53. Kb1 Be2 54. Ne6+ Kg8 55. Nfd4 Bxg4 56. Ka2 Bxe6+ 57. Nxe6 Kf7 58. Nf4 Nf5 59. Kb3 Nd4+ 60. Kc4 Nf3 61. Nh3 Bd2 62. Nf2 Nxg5 63. Nd3 Ke6 64. Nc5+ Kf5 65. Kd3 Bc3 0-1

[Event "Dresden ZMD op-C 21th"]
[Site "Dresden"]
[Date "2012.08.22"]
[Round "5"]
[White "Gabriel, Wolfram"]
[Black "Wuersig, Mathias"]
[Result "0-1"]
[WhiteElo "1562"]
[BlackElo "1678"]
[PlyCount "46"]
[EventDate "2012.08.18"]
[EventType "swiss"]
[EventRounds "9"]
[EventCountry "GER"]
[SourceTitle "CBM 150 Extra"]
[Source "ChessBase"]
[SourceDate "2012.10.19"]
[SourceVersion "1"]
[SourceVersionDate "2012.10.19"]
[SourceQuality "1"]

1. e4 d6 2. d4 Nf6 3. Nc3 g6 4. f4 Bg7 5. Be3 b6 6. Bd3 Bb7 7. Nf3 e6 8. 0-0 0-0 9. Qc1 c5 10. dxc5 bxc5 11. e5 Ng4 12. exd6 Bxf3 13. Rxf3 Nxe3 14. Qxe3 Bd4 15. Be4 Bxe3+ 16. Rxe3 Nd7 17. Bxa8 Qxa8 18. b3 Qc6 19. Rd1 Nf6 20. Ne2 Rd8 21. Red3 Ne8 22. d7 Nf6 23. Rd6 Qc7 0-1

[Event "Dresden ZMD op-C 21th"]
[Site "Dresden"]
[Date "2012.08.19"]
[Round "2"]
[White "Wuersig, Mathias"]
[Black "Schulze, Lara"]
[Result "0-1"]
[WhiteElo "1678"]
[BlackElo "1249"]
[PlyCount "121"]
[EventDate "2012.08.18"]
[EventType "swiss"]
[EventRounds "9"]
[EventCountry "GER"]
[SourceTitle "CBM 150 Extra"]
[Source "ChessBase"]
[SourceDate "2012.10.19"]
[SourceVersion "1"]
[SourceVersionDate "2012.10.19"]
[SourceQuality "1"]

1. e4 c6 2. c4 d5 3. cxd5 cxd5 4. e5 Bf5 5. Nf3 e6 6. d4 Nc6 7. Be2 Rc8 8. 0-0 Nge7 9. Nc3 Ng6 10. Be3 Bb4 11. a3 Bxc3 12. bxc3 0-0 13. Nd2 Qa5 14. g4 Be4 15. f3 Bxf3 16. Nxf3 f6 17. exf6 Rxf6 18. Bd2 Rcf8 19. c4 Qc7 20. Bg5 R6f7 21. cxd5 exd5 22. Qd2 Qd7 23. Nh4 Nxh4 24. Bxh4 Rxf1+ 25. Rxf1 Qd6 26. Rxf8+ Kxf8 27. Qe3 a5 28. Bg3 Qe7 29. Qxe7+ Kxe7 30. Kf2 Nxd4 31. Bd3 g6 32. Ke3 Nc6 33. Kf4 Kf6 34. h4 h6 35. g5+ hxg5+ 36. hxg5+ Kf7 37. Bf2 Kg7 38. Bb6 a4 39. Bb5 d4 40. Bxc6 bxc6 41. Ke4 d3 42. Kxd3 Kf7 43. Kc4 Ke6 44. Kb4 Kd7 45. Kxa4 Kc8 46. Kb4 Kb7 47. Kc5 Ka6 48. Bd8 Ka7 49. Kxc6 Ka6 50. Kd6 Kb5 51. Ke6 Ka4 52. Kf6 Kxa3 53. Kxg6 Kb4 54. Kf7 Ka4 55. g6 Kb5 56. g7 Ka6 57. g8Q Ka7 58. Qg6 Kb8 59. Qd6+ Kb7 60. Qb6+ Kc8 61. Qc7# 0-1

[Event "Dresden ZMD op-C 21th"]
[Site "Dresden"]
[Date "2012.08.18"]
[Round "1"]
[White "Koenig, Juergen"]
[Black "Wuersig, Mathias"]
[Result "1-0"]
[WhiteElo "1491"]
[BlackElo "1678"]
[PlyCount "139"]
[EventDate "2012.08.18"]
[EventType "swiss"]
[EventRounds "9"]
[EventCountry "GER"]
[SourceTitle "CBM 150 Extra"]
[Source "ChessBase"]
[SourceDate "2012.10.19"]
[SourceVersion "1"]
[SourceVersionDate "2012.10.19"]
[SourceQuality "1"]

1. e4 d6 2. d4 Nf6 3. Nc3 g6 4. f4 Bg7 5. Nf3 b6 6. Bd3 Bb7 7. 0-0 0-0 8. e5 dxe5 9. fxe5 Ng4 10. h3 Nh6 11. Ne2 c5 12. c3 e6 13. Bg5 Qc7 14. Ng3 Nc6 15. Rc1 Ne7 16. Qd2 Nhf5 17. Nxf5 Nxf5 18. g4 Ng3 19. Rf2 Ne4 20. Bxe4 Bxe4 21. Qe3 Bxf3 22. Rxf3 Rac8 23. Bf6 cxd4 24. Qxd4 Qc5 25. Qxc5 Rxc5 26. Be7 Bxe5 27. Bxc5 bxc5 28. Rd1 Bc7 29. Rd7 Bb6 30. a4 g5 31. Kf1 Kg7 32. Ke2 Kg6 33. Kd3 Rd8 34. Rfxf7 Rc8 35. Rxh7 c4+ 36. Kc2 Rc5 37. Rhe7 Kf6 38. Rf7+ Kg6 39. Rf3 Re5 40. Kd1 Ra5 41. Rd6 Re5 42. Rf1 Bc7 43. Rc6 Rd5+ 44. Kc2 Bf4 45. Rxe6+ Kf7 46. Re4 Rd2+ 47. Kb1 Kg6 48. Rexf4 gxf4 49. Rxf4 a5 50. Rxc4 Rd5 51. Kc2 Kf7 52. Rd4 Rc5 53. Kd3 Ke6 54. c4 Rc7 55. Rd5 Rb7 56. Kc3 Ra7 57. Kd4 Rb7 58. Rb5 Rd7+ 59. Kc5 Ra7 60. Kb6 Rh7 61. Rh5 Rf7 62. Kxa5 Kd7 63. b4 Kc7 64. c5 Kc6 65. b5+ Kb7 66. c6+ Kc7 67. Rh6 Rf8 68. b6+ Kb8 69. Ka6 Rc8 70. c7+ 1-0

[Event "Berlin Lichtenberger op 9th"]
[Site "Berlin"]
[Date "2010.08.10"]
[Round "4"]
[White "Wuersig, Mathias"]
[Black "Muskewitz, Bernd"]
[Result "0-1"]
[WhiteElo "1868"]
[BlackElo "2017"]
[PlyCount "74"]
[EventDate "2010.08.07"]
[EventType "swiss"]
[EventRounds "9"]
[EventCountry "GER"]
[SourceTitle "CBM 137 Extra"]
[Source "ChessBase"]
[SourceDate "2010.09.01"]
[SourceVersion "1"]
[SourceVersionDate "2010.09.01"]
[SourceQuality "1"]

1. e4 c5 2. Nf3 e6 3. d4 cxd4 4. Nxd4 a6 5. Bd3 Qc7 6. Be3 Nf6 7. Nc3 Bb4 8. Bd2 d5 9. exd5 Bxc3 10. bxc3 Nxd5 11. c4 Nf6 12. 0-0 0-0 13. Bc3 Nbd7 14. Re1 b6 15. Re3 Bb7 16. Rg3 g6 17. h4 Ne4 18. Bxe4 Bxe4 19. Qe2 Bb7 20. h5 Nf6 21. hxg6 hxg6 22. Nxe6 Qe7 23. Bxf6 Qxf6 24. Rb1 fxe6 25. Rxb6 Rf7 26. Rh3 Raf8 27. c5 Bd5 28. Rxa6 Qa1+ 29. Qf1 Qxf1+ 30. Kxf1 Rxf2+ 31. Ke1 Rxg2 32. Ra7 Rb8 33. Rd3 Rb1+ 34. Rd1 Rg1+ 35. Kd2 Rbxd1+ 36. Kc3 Rg3+ 37. Kb2 Rd2 0-1

[Event "Berlin Lichtenberger op 9th"]
[Site "Berlin"]
[Date "2010.08.07"]
[Round "1"]
[White "Schleich, Theodor"]
[Black "Wuersig, Mathias"]
[Result "1-0"]
[WhiteElo "2128"]
[BlackElo "1868"]
[PlyCount "65"]
[EventDate "2010.08.07"]
[EventType "swiss"]
[EventRounds "9"]
[EventCountry "GER"]
[SourceTitle "CBM 137 Extra"]
[Source "ChessBase"]
[SourceDate "2010.09.01"]
[SourceVersion "1"]
[SourceVersionDate "2010.09.01"]
[SourceQuality "1"]

1. d4 Nf6 2. Bg5 g6 3. Bxf6 exf6 4. e4 d6 5. Bd3 Nc6 6. c3 Bg7 7. Nf3 0-0 8. 0-0 Ne7 9. Re1 Re8 10. Nbd2 c5 11. Qb3 Rf8 12. Rad1 f5 13. dxc5 dxc5 14. Nc4 Qc7 15. Ne3 fxe4 16. Bxe4 Rb8 17. Nd5 Nxd5 18. Bxd5 Bg4 19. Rd3 b5 20. Rde3 c4 21. Qa3 Qd7 22. Be4 Rfe8 23. Qc5 Rec8 24. Qd5 b4 25. Ne5 Bxe5 26. Qxe5 Rb5 27. Qf4 bxc3 28. bxc3 Ra5 29. h4 Rxa2 30. Bb1 Ra5 31. Re7 Qd5 32. Be4 Qh5 33. Qxf7+ 1-0

[Event "Berlin Lichtenberger op 8th"]
[Site "Berlin"]
[Date "2009.08.23"]
[Round "9"]
[White "Wuersig, Mathias"]
[Black "Cremer, Jan Paul"]
[Result "0-1"]
[WhiteElo "1861"]
[BlackElo "1859"]
[PlyCount "44"]
[EventDate "2009.08.15"]
[EventType "swiss"]
[EventRounds "9"]
[EventCountry "GER"]
[SourceTitle "CBM 131 Extra"]
[Source "ChessBase"]
[SourceDate "2009.09.03"]
[SourceVersion "2"]
[SourceVersionDate "2009.09.16"]
[SourceQuality "1"]

1. e4 e5 2. Nf3 Nc6 3. Bc4 Nf6 4. Nc3 Nxe4 5. Bxf7+ Kxf7 6. Nxe4 d5 7. Nfg5+ Ke8 8. Qh5+ g6 9. Qf3 Bf5 10. Nc3 Qxg5 11. Nxd5 Bd6 12. h4 Qd8 13. c3 e4 14. Qe2 Ne5 15. Nf4 Kf7 16. Qb5 Nd3+ 17. Nxd3 exd3 18. Qd5+ Kg7 19. Qf3 Re8+ 20. Kf1 Qe7 21. Qd1 Bg4 22. f3 Bg3 0-1

[Event "Berlin Lichtenberger op 8th"]
[Site "Berlin"]
[Date "2009.08.20"]
[Round "6"]
[White "Keusch, Horst"]
[Black "Wuersig, Mathias"]
[Result "0-1"]
[WhiteElo "1970"]
[BlackElo "1861"]
[PlyCount "106"]
[EventDate "2009.08.15"]
[EventType "swiss"]
[EventRounds "9"]
[EventCountry "GER"]
[SourceTitle "CBM 131 Extra"]
[Source "ChessBase"]
[SourceDate "2009.09.03"]
[SourceVersion "2"]
[SourceVersionDate "2009.09.16"]
[SourceQuality "1"]

1. f4 Nf6 2. Nf3 g6 3. e3 Bg7 4. Be2 d6 5. 0-0 Nbd7 6. d3 0-0 7. e4 c5 8. c3 c4 9. d4 Nxe4 10. Bxc4 Ndf6 11. Re1 d5 12. Bd3 Nd6 13. Ne5 Bf5 14. Bxf5 Nxf5 15. Nd2 Nd7 16. Ndf3 Nd6 17. Qb3 e6 18. Bd2 Nb6 19. Re2 Qc7 20. Rae1 Nbc4 21. Qc2 Nf5 22. Nxc4 Qxc4 23. Ne5 Bxe5 24. Rxe5 Nxd4 25. Qd1 Nf5 26. g4 Ng7 27. R5e2 Qc7 28. Rf2 Ne8 29. f5 Nd6 30. Bf4 Qb6 31. Bxd6 Qxd6 32. f6 Rfe8 33. Qd2 Qf8 34. h4 h6 35. Re5 Kh7 36. h5 g5 37. Qd3+ Kh8 38. Qd4 b6 39. Kg2 Rac8 40. b3 Qc5 41. Kf3 Qxc3+ 42. Qxc3 Rxc3+ 43. Kg2 Rec8 44. Rd2 Kg8 45. Kf2 Rc2 46. Ke2 Rc1 47. Kf2 R8c2 48. Ree2 Rxd2 49. Rxd2 Kf8 50. Re2 Ke8 51. Kg2 Kd7 52. Re5 Kd6 53. Re2 e5 0-1

[Event "Berlin Lichtenberger op 7th"]
[Site "Berlin"]
[Date "2008.08.21"]
[Round "6"]
[White "Jansen, Robert"]
[Black "Wuersig, Mathias"]
[Result "0-1"]
[WhiteElo "1274"]
[BlackElo "1487"]
[PlyCount "82"]
[EventDate "2008.08.16"]
[EventType "swiss"]
[EventRounds "9"]
[EventCountry "GER"]
[SourceTitle "CBM 126 Extra"]
[Source "ChessBase"]
[SourceDate "2008.11.05"]
[SourceVersion "1"]
[SourceVersionDate "2008.11.05"]
[SourceQuality "1"]

1. d4 Nf6 2. c4 d6 3. Nc3 g6 4. h3 Bg7 5. e3 0-0 6. Bd3 Nbd7 7. Nf3 c5 8. d5 Nb6 9. Qc2 Rb8 10. e4 Na8 11. Rb1 Nc7 12. Ne2 Bd7 13. Ng3 b5 14. b3 bxc4 15. bxc4 Na6 16. Rxb8 Qxb8 17. a3 Qb6 18. 0-0 Rb8 19. Re1 Qa5 20. Qe2 e6 21. e5 dxe5 22. Nxe5 exd5 23. Nxd7 Nxd7 24. Rf1 d4 25. f4 Qd8 26. f5 Rb6 27. Ne4 Ne5 28. Bg5 Qb8 29. f6 Bf8 30. Bf4 Qe8 31. Ng5 Bh6 32. h4 Bxg5 33. Bxg5 Re6 34. h5 Nxc4 35. Qf2 Ne5 36. Bxa6 Rxa6 37. Re1 Re6 38. Qh4 Nf3+ 39. gxf3 Rxe1+ 40. Kg2 Qe2+ 41. Kg3 Rg1+ 0-1

[Event "Berlin Lichtenberger op 7th"]
[Site "Berlin"]
[Date "2008.08.19"]
[Round "4"]
[White "Radjenovic, Branko"]
[Black "Wuersig, Mathias"]
[Result "1-0"]
[WhiteElo "1903"]
[BlackElo "1487"]
[PlyCount "117"]
[EventDate "2008.08.16"]
[EventType "swiss"]
[EventRounds "9"]
[EventCountry "GER"]
[SourceTitle "CBM 126 Extra"]
[Source "ChessBase"]
[SourceDate "2008.11.05"]
[SourceVersion "1"]
[SourceVersionDate "2008.11.05"]
[SourceQuality "1"]

1. d4 d6 2. c4 Nf6 3. Nc3 g6 4. e4 Bg7 5. Nf3 0-0 6. Be2 Nbd7 7. 0-0 c5 8. d5 Nb6 9. Rb1 a5 10. Bg5 Rb8 11. Qd2 Na8 12. Nb5 Nxe4 13. Qe3 Nf6 14. Rfe1 Bf5 15. Bd3 Bxd3 16. Qxd3 Nc7 17. Nc3 Qd7 18. a4 e6 19. dxe6 Nxe6 20. Bh4 Rfe8 21. Nb5 Nf4 22. Qxd6 Qxd6 23. Nxd6 Rxe1+ 24. Nxe1 b6 25. Bg5 Ne2+ 26. Kf1 Nd4 27. Nd3 Ng4 28. h3 Ne5 29. Nxe5 Bxe5 30. Ne4 f5 31. Nf6+ Bxf6 32. Bxf6 Kf7 33. Bxd4 cxd4 34. Ke2 Rd8 35. Kd3 Kf6 36. Re1 h5 37. h4 Rd6 38. Re8 Kf7 39. Re5 Kf6 40. Rb5 f4 41. Rd5 Rxd5 42. cxd5 Ke5 43. d6 Kxd6 44. Kxd4 Kc6 45. Kc4 Kc7 46. Kd5 Kd7 47. Ke5 Kc6 48. Kxf4 Kc5 49. Kg5 Kb4 50. Kxg6 Kxa4 51. f4 Kb3 52. f5 a4 53. f6 Kxb2 54. f7 a3 55. f8Q a2 56. Qb4+ Kc2 57. Qa3 Kb1 58. Qb3+ Ka1 59. Qc2 1-0